Eduardo García Máynez : 1908-1993 /
Colección de estudios breves de sobre varios de los grandes pensadores de la historia, desde la Antigüedad clásica hasta fines del siglo XX, redactados con carácter didáctico y complementados con una selección de pasajes significativos de las obras de cada sujeto de estudio. El volumen presente, num...
保存先:
| 第一著者: | |
|---|---|
| フォーマット: | 図書 |
| 言語: | スペイン語 |
| 出版事項: |
Madrid, España :
Ediciones del Orto,
2000, c2000
|
| シリーズ: | (Biblioteca Filosófica. Filósofos y Textos ;
110) |
| 主題: | |
| タグ: |
タグなし, このレコードへの初めてのタグを付けませんか!
|
MARC
| LEADER | 00000nam^a2200000^a^4500 | ||
|---|---|---|---|
| 001 | 000629721 | ||
| 005 | 20260408000000.0 | ||
| 009 | 20260409133035.863 | ||
| 020 | |a 84-7923-241-2 | ||
| 037 | |a Acervo Xavier Clavigero | ||
| 041 | |a ESP | ||
| 082 | |a 140. 92 |b BIB V. 110 | ||
| 100 | |a Aguayo Cruz, Enrique |e (autor) | ||
| 245 | 1 | 0 | |a Eduardo García Máynez : |b 1908-1993 / |c E. Aguayo Cruz. |
| 246 | 2 | |a Título en la cubierta: García Máynez: 1908-1993 | |
| 264 | 4 | |a Madrid, España : |b Ediciones del Orto, |c 2000, c2000 | |
| 300 | |a 93 p. | ||
| 336 | |a texto |b txt |2 rdacontenido | ||
| 337 | |a sin mediación |b n |2 rdamedio | ||
| 338 | |a volumen |b nc |2 rdasoporte | ||
| 440 | 1 | |a (Biblioteca Filosófica. |p Filósofos y Textos ; |v 110) | |
| 520 | |a Colección de estudios breves de sobre varios de los grandes pensadores de la historia, desde la Antigüedad clásica hasta fines del siglo XX, redactados con carácter didáctico y complementados con una selección de pasajes significativos de las obras de cada sujeto de estudio. El volumen presente, numerado como 110 de la colección, está dedicado al jurista mexicano Eduardo García Máynez (1908-1993). | ||
| 586 | |a Premio Nacional de Ciencias y Artes, categoría Historia, Ciencias Sociales y Filosofía (27°: 1976): Biografías, crítica e interpretación | ||
| 649 | |a XX | ||
| 650 | |a Filósofos Mexicanos | ||
| 650 | |a Juristas Mexicanos | ||
| 650 | |a Abogados Mexicanos | ||
| 650 | |a Derecho - |x Filosofía - |x Tema Principal | ||
| 650 | |a Filosofía del Siglo XX - |z México - |x Historia y Crítica | ||
| 650 | |a Filosofía Mexicana - |x Historia y Crítica | ||
| 650 | |a García Máynez, Eduardo - |x Tema Principal | ||
| 910 | |a Fondo General | ||
| 920 | |a Impresos - Libros | ||
| 930 | |a Colección General | ||
| 905 | |a 101 | ||
| 901 | |a 070420 |b IT1 |c ACC |i 070420 |u 20260408 | ||
| 902 | |a https://opac.biblio.iteso.mx/vufind/Record/000629721 | ||